000 00722cab a2200241 4500
001 A548
008 090401t1991 xxu||||| |||| 00| 0 eng d
035 _a(Sirsi) u29808
041 _aeng
245 _aRights of light: the latest leading case
260 _c1991
350 _a0
490 _aStructural Survey
_v(1991) 10(1) 77-80(4)
520 _aA discussion of the decision in "Marine and General Mutual Life Assurance Society v St James` Real Estate Co Ltd (Abs45264).
650 _aANCIENT LIGHTS
650 _aDAMAGES
650 _aEASEMENTS
650 _aMEASURE OF DAMAGES
650 _aRights of light
_96267
690 _aHIGHWAYS RIGHTS OF WAY AND EASEMENTS
942 _n0
948 _c04/03/1997
999 _c20049
_d20049